Most Guessed F Words - Statistics

General Stats
  • This quiz has been taken 47 times
  • The average score is 12 of 20
Answer Stats
% letters F % Correct
84 3 far
91%
96 3 for
91%
79 3 fan
77%
75 4 fast
67%
54 3 fit
67%
72 4 from
63%
69 3 fun
63%
76 4 fall
60%
61 4 fill
58%
67 4 free
56%
67 4 find
53%
70 4 four
53%
62 4 feel
51%
53 5 first
51%
54 4 fine
49%
55 3 fly
47%
67 4 face
44%
52 4 fail
44%
64 4 five
44%
53 4 fire
42%
No matching quizzes found
Score Distribution
Percent of People with Each Score
Percentile by Number Answered
Your Score History
You have not taken this quiz